| 000 | 00449cam a22001575a 4500 | ||
|---|---|---|---|
| 001 | J100934 | ||
| 008 | 000000s1929 xxk 000 0 eng u | ||
| 035 | _a(Sirsi) u100934 | ||
| 110 |
_aSurveyors' Institution _93783 |
||
| 245 | _aExaminations. Papers set at the preliminary, special test and professional examinations 1929. | ||
| 260 | _c1929 | ||
| 300 | _a102p. | ||
| 651 | 4 |
_aUnited Kingdom _y |
|
| 690 | _aBusiness and management | ||
| 942 | _n0 | ||
| 999 |
_c99930 _d99930 |
||